02073nam a2200337 i 4500001000700000003000900007005001700016007000300033008004100036020001800077040001800095100001800113245007800131250003700209264004500246300002500291336002200316337003000338338002400368490002600392520091300418600003801331600004201369650003301411650003501444650002101479655003301500655003401533830002601567852014201593194321ES-MaACL20250708194130.0ta240424s2023 sp ||||| |||| 00| 0 spa d a9786287588837 bspacES-MaACL aCovo, Adelina aEl zorro de los mares, la verdadera vida de Blas de Lezo /cAdelina Covo. aSegunda edición : octubre 2023 1aBogotá :bEdiciones del Bronce, c2023 a514 paginas ;c23 cm 2rdacontentatexto 2rdamediaasin mediación 2rdacarrieravolumen1 aHistorias de Adelina  aDon Blas de Lezo es el único marino de su tiempo que no perdió una sola batalla, aunque en ello dejó medio cuerpo. Participó y dirigió la Armada española en las batallas de Vélez-Málaga, Tolón y en el asedio a Barcelona. Su trayectoria épica se agigantó al erradicar la piratería del mar del Sur, al proteger el Mediterráneo, al recuperar caudales para su rey en Italia, al asegurar la célebre Conquista de Óran y al garantizar, con su victoria en Cartagena de Indias, la supremacía del Imperio en los mares durante sesenta y cinco años más, hasta trafalgar , en 1805. Don Blans de Lezo, como nos lo retrata con pinceladas certeras y Adelina Covo, fue el terrror tanto de la marina inglesa como de los corsarios y piratas que azotaban el mar Cétilco y, muy pronto, las hazañas del "Zorro de los Mares" fueron comidilla en las tabernas portuarias del viejo continente. 17aLezo, Blas de,d1687-1741xNovela17aLezo, Blas de,d1687-1741xBiografias 7aMarinos-zEspañays. XVIII 4aMilitares-zEspaña-yS.XVIII 7aBatallas navales 72tgfbneaNovelas históricas 72tgfbneaNovelas biográficas aHistorias de Adelina  aES-MaACLbR.155087cDEPOJjN-9865hDonación: Adelina CovogDedicatoria autógrafa de la autoraxEncuadernación rústica con solapas